000 00864nam a2200277 i 4500
001 11461
003 ES-MaACL
005 20230906150115.0
007 t|
008 921022s1992 sp |||| | spa j
020 _a84-7100-606-5
080 _a323.269.6(=97/=98)"15/18"
080 _a98(=60)"15/18"
100 1 _aBarral Gómez, Angel.
_925842
245 1 0 _aRebeliones indígenas en la América española /
_cAngel Barral Gómez.
260 _aMadrid :
_bMAPFRE,
_c[1992]
300 _a311 p. ;
_c23 cm.
490 1 _aArmas y América ;
_v11
500 _aÍndices.
504 _aBibliografía: p. [285]-297.
650 4 _aMovimientos indigenistas-
_zAmérica española-
_vHistoria.
_9169144
651 4 _aAmérica española-
_xHistoria.
_97723
830 0 _aArmas y América ;
_v11
_9179104
852 _aES-MaACL
_jL-18786
999 _c11461
_d11461